|
|
|
|
| LEADER |
02099cas a2200265 a 4500 |
| 001 |
AALejournalIMF017307 |
| 008 |
230101c9999 xx r poo 0 0eng d |
| 020 |
|
|
|c 5.00 USD
|
| 020 |
|
|
|z 9781475563115
|
| 022 |
|
|
|a 1018-5941
|
| 040 |
|
|
|a BD-DhAAL
|c BD-DhAAL
|
| 100 |
1 |
|
|a Alper, Emre.
|
| 245 |
1 |
0 |
|a Food Inflation in Sub-Saharan Africa :
|b Causes and Policy Implications /
|c Emre Alper, Niko Hobdari, Ali Uppal.
|
| 264 |
|
1 |
|a Washington, D.C. :
|b International Monetary Fund,
|c 2016.
|
| 300 |
|
|
|a 1 online resource (40 pages)
|
| 490 |
1 |
|
|a IMF Working Papers
|
| 500 |
|
|
|a <strong>Off-Campus Access:</strong> No User ID or Password Required
|
| 500 |
|
|
|a <strong>On-Campus Access:</strong> No User ID or Password Required
|
| 506 |
|
|
|a Electronic access restricted to authorized BRAC University faculty, staff and students
|
| 520 |
3 |
|
|a This paper analyzes food inflation trends in Sub-Saharan Africa (SSA) from 2000 to 2016 using two novel datasets of disaggregated CPI baskets. Average food inflation is higher, more volatile, and similarly persistent as non-food non-fuel (NF/NF) inflation, especially in low-income countries (LICs) in SSA. We find evidence that food inflation became less persistent from 2009 onwards, related to recent improvements in monetary policy frameworks. We also find that high food prices are driven mainly by non-tradable food in SSA and there is incomplete pass-through from world food and fuel prices and exchange rates to domestic food prices. Taken together, these finding suggest that central banks in low-income countries with high and persistent food inflation should continue to pay attention to headline inflation to anchor inflation expectations. Other policy levers include reducing tariffs and improving storage and transport infrastructure to reduce food pressures.
|
| 538 |
|
|
|a Mode of access: Internet
|
| 700 |
1 |
|
|a Hobdari, Niko.
|
| 700 |
1 |
|
|a Uppal, Ali.
|
| 830 |
|
0 |
|a IMF Working Papers; Working Paper ;
|v No. 2016/247
|
| 856 |
4 |
0 |
|z Full text available on IMF
|u http://elibrary.imf.org/view/journals/001/2016/247/001.2016.issue-247-en.xml
|z IMF e-Library
|